Star Wars Trivia: Original Trilogy - Statistics

General Stats
  • This quiz has been taken 67 times
  • The average score is 9 of 25
Answer Stats
Question Answer % Correct
According to Han Solo, in less than how many parsecs did the Millennium Falcon make the Kessel Run? 12
80%
How many times is Luke Skywalker's robotic hand prodded, in order the confirm that it is working as intended? 3
75%
As interpreted by Bib Fortuna, for how many years does Jabba the Hutt say the victims of the Sarlacc will be slowly digested? 1000
71%
Han Solo, Luke Skywalker, Chewbacca, and R2-D2 are saved from the Ewoks after they mistake C-3PO for what type of being? A god.
67%
Where does Princess Leia tell Grand Moff Tarkin the rebel base is located? Dantooine
67%
Which creatures kidnap C-3PO and R2-D2 shortly after their arrival on Tatooine? Jawas
65%
Master Yoda claims to be how old when lying upon his deathbed? 900
62%
Upon which planet is the mining colony of Cloud City found? Bespin
58%
How many credits does Obi-Wan Kenobi agree to pay Han Solo before leaving on their journey to Alderaan, with a further 15,000 to be paid upon arrival? 2000
47%
In what formation does Obi-Wan Kenobi explain that Sand People march, in order to hide their numbers? Single-file
45%
Who loses at least one limb on more than one occasion within the trilogy? C-3PO
40%
Where does Luke Skywalker tell his Uncle Owen he was planning to go, in order to pick up power converters? Tosche Station
38%
What snowy creature captures Luke Skywalker on the ice-world of Hoth? Wampa
36%
Which Imperial General leads the AT-AT assault during the Battle of Hoth? General Veers
27%
Who co-piloted the Millennium Falcon alongside Lando Calrissian during the Battle of Endor? Nien Nunb
27%
What is the name of the rebel base evacuated during the Battle of Hoth? Echo Base
22%
Which Imperial Admiral did Darth Vader consider to be as clumsy as he was stupid? Admiral Ozzel
20%
What is Darth Vader's response after Luke Skywalker falls into the carbonite-freezer? All too easy
20%
What governing body is dissolved by the Emperor shortly before the Battle of Yavin? Imperial Senate
20%
With what vehicle does Luke Skywalker claim to have bull's-eyed womp rats? T-16
20%
What does the Emperor claim is Luke Skywalker's weakness? Faith in his friends
15%
According to C-3PO, what are the odds against successfully navigating an asteroid field? 3720 to 1
9%
Which organ does Han Solo claim Chewbacca is always thinking with? His stomach
7%
What is Luke Skywalker's codename during the Battle of Yavin? Red V
4%
What clearance code does Han Solo give to the Empire when attempting to land a stolen ST-321 on the forest moon of Endor? Blue
2%
No matching quizzes found
Score Distribution
Percent of People with Each Score
Percentile by Number Answered
Your Score History
You have not taken this quiz